000 00834nam a2200253 a 4500
001 BRCA_5103
005 20190320204935.0
008 181110s1907----au-a######---#000-0#ger-#
041 _ager
044 _aau
050 4 _aN1680
_b.G46 1907
245 1 0 _aDie Gemäldegalerie
_bAlte meister.
260 _aViena, Austria
_bAdolf Holzhausen
_c1907
300 _aiv, 413 p.
_bil., 1688 láminas
_c18 cm.
440 0 _aKunsthistorische sammlungen des Allerhöchsten kaiserhauses
_913012
500 _aIncluye índice onomástico
500 _aTítulo en cubierta: Katalog de gemaldegalerie des allerhöchsten kaiserhauses
500 _aEstado físico: primeras hojas del texto desprendidas
500 _aE4
650 1 4 _aPintura
_vCatálogos
_zViena, Austria
_913013
650 1 4 _aPintores
_92497
902 _aGFM
942 _2lcc
_cB
999 _c4797
_d4797